Famous Overlapping Names IV Quiz Stats

 Plays Quiz Updated Aug 17, 2019

Score 0/38 Timer 05:00
0 Plays Today
Person(s) A Overlapping Name % Correct
Christine, Harry (S.)Truman
77.8%
Brent, RickBarry
76.9%
VickiMichelle
76.8%
Buddy, JeriRyan
75.8%
Cory, Curtis, WilliamJoseph
74.7%
RalphLauren
73.7%
Bill, KeriRussell
73.3%
TonyJay
73.1%
WyclefJean
69.3%
Byung-HyunKim
68.7%
Ian, Jamie (Lee), TonyCurtis
68.5%
Luba, ManuelLisa
66.2%
Lorraine, OlandisGary
65.7%
Cliff, David, SmokeyRobinson
65.1%
Christopher, MicheleLee
61.7%
Greg, MarshaNorman
57.6%
Billy, WoodyHerman
51.6%
Carol, GroverCleveland
49.1%
Mike, ThelmaTodd
45.6%
Person(s) A Overlapping Name % Correct
Abraham, Brad, ElmoLincoln
43.8%
Diahann, LewisCarroll
43.6%
Eliza, MichaelSam
41.4%
'Catfish', RachelHunter
39.6%
Dixy (Lee), JohnnieRay
37.7%
Hastings, TobyKeith
31.9%
BranchRickey
26%
Peter, RomanGabriel
25.2%
Christopher, OwenNolan
21.6%
Joseph (F.), GordonAda
19.5%
Rudy, TysonGay
17.5%
Fay, LudWray
15.8%
Cliff, Richard, TimBurton
12%
Elisha, Juliet, ScottCuthbert
7.1%
Paschal, WillieRandolph
3.8%
Hadley, MichaelKay
1.9%
Giles, JohnDeacon
1.4%
Alvin, Carol, Jeff, MelQueen
1.4%
Freddie, George, JoshuaBartholomew
1.2%

You're not logged in!

Compare scores with friends on all Sporcle quizzes.
OR
Log In

Sporcle TV

Today on Sporcle TV


Watch our educational content, quiz creation guides, and fun videos on Sporcle TV.

Show Comments

Extras

Top Quizzes Today


Score Distribution

Your Account Isn't Verified!

In order to create a playlist on Sporcle, you need to verify the email address you used during registration. Go to your Sporcle Settings to finish the process.

Report this User

Report this user for behavior that violates our Community Guidelines.

Details: